| 000 | 00649cam a2200205 a 4500 | ||
|---|---|---|---|
| 001 | 13097902 | ||
| 005 | 20250130181354.0 | ||
| 008 | 030221s2003 miua b 000 0 eng | ||
| 020 | _a0801026318 (pbk.) | ||
| 050 | 0 | 0 |
_aBV4012.2 _b.B366 2003 |
| 082 | 0 | 0 |
_a253.5 _221 |
| 100 | 1 | _aBenner, David G. | |
| 245 | 1 | 0 |
_aStrategic pastoral counseling : _ba short-term structured model / _cDavid G. Benner. |
| 250 | _a2nd ed. | ||
| 260 |
_aGrand Rapids, Mich. : _bBaker Academic, _cc2003. |
||
| 300 |
_a153 p. : _bill. ; _c22 cm. |
||
| 650 | 0 | _aPastoral counseling. | |
| 650 | 0 |
_aShort-term counseling _xReligious aspects _xChristianity. |
|
| 942 |
_2ddc _cBK _n0 |
||
| 999 |
_c3273 _d3273 |
||